000 00774nas a2200265 4500
001 BR9501418
003 BR-BrBNA
005 20231205094315.0
007 ta
008 230509b bl.|||p| |||| 00| 00por d
040 _aBR-BrBNA
_bpor
_cBiblioteca Nacional de Agricultura
041 _a(Pt)
072 _aH20
100 1 _aIllipronti Junior, R.A.
100 1 _aMachado, J. da C.
245 1 _aAntagonismo de fungos a Sclerotina sclerotiorum em soja e feijao
650 _aSoja
650 _aFeijao
650 _aMofo Branco
650 _aControle Biologico
650 _aPodridao
773 0 _tFitopatologia Brasileira (Brazil)
_xISSN 0100-4158
_g(Jun 1993), v. 18(2) p. 162-166
_wBR9501418
909 _a202311
_bLúcia
_c55
_dLúcia Elande
942 _2AGRIS
_n0
_cANA
999 _c143455
_d143455